INTRODUCTORY MATHEMATICAL ANALYSIS FOR B (Record no. 27145)

MARC details
000 -LEADER
fixed length control field 00378nam a2200145Ia 4500
008 - FIXED-LENGTH DATA ELEMENTS--GENERAL INFORMATION
fixed length control field 240624s9999 xx 000 0 und d
041 ## - LANGUAGE CODE
Language code of text/sound track or separate title eng
082 ## - DEWEY DECIMAL CLASSIFICATION NUMBER
Classification number 515 HAE
100 ## - MAIN ENTRY--PERSONAL NAME
Personal name HAEUSSLER ERNEST F
245 ## - TITLE STATEMENT
Title INTRODUCTORY MATHEMATICAL ANALYSIS FOR B
250 ## - EDITION STATEMENT
Edition statement (13th ed.)
260 ## - PUBLICATION, DISTRIBUTION, ETC.
Date of publication, distribution, etc. 2011
Place of publication, distribution, etc. New York
Name of publisher, distributor, etc. Prentice Hall
300 ## - PHYSICAL DESCRIPTION
Extent xvii, : 811 : p. : cm. ; 28
365 ## - TRADE PRICE
Currency code
Holdings
Withdrawn status Lost status Damaged status Not for loan Home library Current library Shelving location Date acquired Source of acquisition Cost, normal purchase price Full call number Barcode Date last seen Copy number Price effective from Koha item type
        IMTN IMTN Rack 17-A 03/30/2016 MB 211.20 515 HAE 27145 06/24/2024 72 06/24/2024 Books
Designed & Maintained by: LRC IMT Nagpur Contact: lrc@imtnag.ac.in© 2024. All Rights Reserved.